000 00621nam a2200205Ia 4500
003 OSt
005 20230511100921.0
008 210423s2002 xx 000 0 und d
020 _a125804458
040 _cAL
082 _a574.87 MATB
_223
100 _aMATSUMOTO (Brian).
_9102304
245 _aMethods in cell biology: cell biological applications of confocal microscopy. V70.
260 _aAmsterdam
_bAcademic Press
_c2002
300 _axii,507
_bPB
365 _b4259
_cINR
440 _v70
906 _aapplications ; biological ; biology: ; cell ; confocal ; Methods ; microscopy. ; V70.
942 _2ddc
_cBK
999 _c164585
_d164585